000 01654cab a2200289 4500
001 ABS51547
008 090401t1994 xxu||||| |||| 00| 0 eng d
035 _a(Sirsi) u32853
041 _aeng
245 _aSheffield Development Corporation v Glossop Sectional Buildings Ltd
260 _c1994
350 _a0
490 _aEstates Gazette
_v(1994) 40 EG 132-134(3)
520 _aCA 30 June 1994. G served a blight notice when informed that S was to compulsorily acquire its property. Deeming that S had served a notice to treat G issued a statement of claim and announced close of business in March 1991. S did not require the property until April 1992. G turned to the LT for determination of compensation and ceased trading in July. The CPO was confirmed in August 1992 and S took possession on February 1993. At an earlier hearing the court decided that the LT was not entitled to determine compensation as G had ceased trading. The LT considered that the Land Compensation Act 1973 s46 was satisfied by S`s notice to treat. S appealed, claiming that no such notice had been issued and the terms of s46 had not been met. Appeal dismissed.
650 _aBLIGHT NOTICE
650 _aCOMPENSATION
650 _aCompulsory purchase
_96228
650 _aDEEMED NOTICE TO TREAT
650 _aEXTINGUISHMENT OF BUSINESS
650 _aLAND COMPENSATION ACT 1973 S46
650 _aNOTICE OF ENTRY
650 _aNOTICE TO TREAT
650 _aSHEFFIELD DC V GLOSSOP SECTIONAL BUILDINGS LTD
690 _aENVIRONMENTAL AND LAND CONSULTANCY-PLANNING AND DEVELOPMENT-COMPULSORY PURCHASE AND COMPENSATION
942 _n0
948 _c04/03/1997
999 _c21954
_d21954